| 000 | 00459nam a22001217a 4500 | ||
|---|---|---|---|
| 999 |
_c6719 _d6719 |
||
| 008 | 200324b ||||| |||| 00| 0 eng d | ||
| 100 | _aThe United Republic of Tanzania | ||
| 245 |
_aSocio-Economic Profile _bMwanza Region _cThe United Republic of Tanzania _hEnglish |
||
| 260 |
_aMwanza -Tanzania _bMinister of State President's Office, Planning and Privatization |
||
| 300 |
_aviii, 270p _bill _c20cm |
||
| 650 | _2Socio- Economic Profile | ||
| 942 |
_2ddc _cBOOKS |
||